Gimnasia en la infancia
Gardado en:
| Autor Principal: | |
|---|---|
| Formato: | Libro |
| Idioma: | Lingua castelá |
| Publicado: |
Barcelona
Hispano Europea
1984
|
| Edición: | 2a. ed |
| Series: | Colección Herackles. Biblioteca enciclopedica de los deportes. Serie CF cultura fisica
|
| Subjects: | |
| Tags: |
Engadir etiqueta
Sen Etiquetas, Sexa o primeiro en etiquetar este rexistro!
|
MARC
| LEADER | 00000nam a2200000 a 4500 | ||
|---|---|---|---|
| 001 | UCW7458 | ||
| 003 | CL-VaPUC | ||
| 008 | 921217e19840000SP |||||||||||||||||spa|d | ||
| 082 | 0 | 4 | |a 649.12 |b PER |2 21 |
| 100 | 0 | |a Pérez Carrillo, Miguel J |e author |9 312602 | |
| 245 | 1 | 0 | |a Gimnasia en la infancia |
| 250 | |a 2a. ed | ||
| 300 | |a 286 p | ||
| 942 | |c BK | ||
| 945 | |d 19921217 00:00:00 | ||
| 260 | |a Barcelona |b Hispano Europea |c 1984 | ||
| 650 | 7 | |a GIMNASIA PARA NIÑOS |2 CL-VaPUC |9 307446 | |
| 650 | 7 | |a GIMNASIA |2 CL-VaPUC |9 307275 | |
| 583 | |a last modification |c 19921217 00:00:00 |k Rodrigo Vera | ||
| 490 | 0 | |a Colección Herackles. Biblioteca enciclopedica de los deportes. Serie CF cultura fisica | |
| 999 | |c 220202 |d 220200 | ||
| 952 | |0 0 |1 0 |4 0 |6 649_120000000000000_PER_1984 |7 0 |8 A |9 212117 |a BIBEDU |b BIBEDU |d 2019-11-15 |i 2803720 |o 649.12 PER 1984 |p 2803720 |r 2019-11-15 |w 2019-11-15 |y BK |k EDU | ||